000 00834cam a2200277 a 4500
001 4923604
005 20180302081127.0
008 950111m19959999njuab 000 0 eng
010 _a 95005232
020 _a0134543807 (bk. 1 : case)
020 _a013454224X (bk. 1)
020 _a0132138026 (bk. 2 : case)
020 _a0134542657 (bk. 2 : paper)
020 _a0134543076 (bk. 3)
040 _aDLC
_cDLC
_dDLC
041 _aeng
042 _alcac
080 _a428.24 BYE
082 0 0 _a428.24 BYE
_220
100 1 _a25
101 _aEDU
245 1 0 _aIn the middle /
_cThomas J. Bye.
906 _a7
_bcbc
_corignew
_d1
_eocip
_f19
_gy-gencatlg
942 _2ddc
_cBK
999 _c44062
_d44062